| 000 | 00342nam a22001337a 4500 | ||
|---|---|---|---|
| 020 | _a0-08-044053-3 | ||
| 040 | _cNUST | ||
| 082 |
_22ND _a388.40973 _bGIF |
||
| 245 |
_aFlexible Urban Transportation Mehdi _cJonathan L Gifford |
||
| 250 | _a2nd | ||
| 260 |
_aOxford _bElsevier Sciences _c2003 |
||
| 300 |
_a246p. _b22cm. |
||
| 942 |
_2ddc _cBK _e2nd |
||
| 999 |
_c610683 _d610683 |
||